[Event "Antofagasta Zicosur op 2nd"]
[Site "Antofagasta"]
[Date "2016.01.10"]
[Round "9"]
[White "Chandia Galvez, Omar"]
[Black "Christie Rodriguez, Ian"]
[Result "1-0"]
[WhiteElo "1995"]
[BlackElo "1768"]
[PlyCount "81"]
[EventDate "2016.01.05"]
[EventType "swiss"]
[EventRounds "9"]
[EventCountry "CHI"]
[SourceTitle "CBM 170 Extra"]
[Source "ChessBase"]
[SourceDate "2016.02.25"]
[SourceVersion "1"]
[SourceVersionDate "2016.02.25"]
[SourceQuality "1"]

1. e4 c5 2. Nf3 d6 3. d4 cxd4 4. c3 dxc3 5. Bc4 Nc6 6. 0-0 a6 7. a4 Nf6 8. Nxc3 e6 9. Qe2 Be7 10. Rd1 Qc7 11. Bf4 Ne5 12. Ba2 b6 13. Rac1 Qb8 14. Nd4 Bd7 15. Bg3 Ng6 16. h4 h5 17. f4 Nxf4 18. Bxf4 e5 19. Nd5 Nxd5 20. Bxd5 exf4 21. Nc6 Bxc6 22. Bxc6+ Kf8 23. Bxa8 Qxa8 24. Rc7 Rh6 25. Rdc1 Qe8 26. Rc8 Bd8 27. Qxa6 Ke7 28. Qb7+ Kf6 29. Qd5 Ke7 30. Qb7+ Kf6 31. R1c7 Kg6 32. Qd5 Kh7 33. Qf5+ Kh8 34. Rxd8 Qxd8 35. Rc8 Qxc8 36. Qxc8+ Kh7 37. Qf5+ Kg8 38. Qxf4 Re6 39. b4 Re5 40. a5 bxa5 41. Qxe5 1-0

[Event "Antofagasta Zicosur op 2nd"]
[Site "Antofagasta"]
[Date "2016.01.07"]
[Round "5"]
[White "Gemy Vargas, Jose Daniel"]
[Black "Christie Rodriguez, Ian"]
[Result "1/2-1/2"]
[WhiteElo "2407"]
[BlackElo "1768"]
[PlyCount "61"]
[EventDate "2016.01.05"]
[EventType "swiss"]
[EventRounds "9"]
[EventCountry "CHI"]
[SourceTitle "CBM 170 Extra"]
[Source "ChessBase"]
[SourceDate "2016.02.25"]
[SourceVersion "1"]
[SourceVersionDate "2016.02.25"]
[SourceQuality "1"]

1. e4 e5 2. Nf3 Nc6 3. Bb5 a6 4. Ba4 Nf6 5. d3 b5 6. Bb3 Be7 7. 0-0 d6 8. a4 Bg4 9. c3 0-0 10. h3 Bh5 11. g4 Bg6 12. Re1 Qd7 13. Bg5 Rab8 14. axb5 axb5 15. Nbd2 h6 16. Bxf6 Bxf6 17. Nf1 Nd8 18. Ne3 Ne6 19. Kh2 Nf4 20. Nd5 Nxd5 21. Bxd5 c6 22. Bb3 d5 23. Qe2 b4 24. c4 d4 25. Ra5 Ra8 26. Rea1 Rxa5 27. Rxa5 Qd8 28. Ra4 c5 29. Qd2 Kh8 30. Kg2 Qc7 31. Qc1 1/2-1/2

[Event "Antofagasta Zicosur op 2nd"]
[Site "Antofagasta"]
[Date "2016.01.07"]
[Round "4"]
[White "Pineda Polanco, Adolfo"]
[Black "Christie Rodriguez, Ian"]
[Result "0-1"]
[WhiteElo "2248"]
[BlackElo "1768"]
[PlyCount "28"]
[EventDate "2016.01.05"]
[EventType "swiss"]
[EventRounds "9"]
[EventCountry "CHI"]
[SourceTitle "CBM 170 Extra"]
[Source "ChessBase"]
[SourceDate "2016.02.25"]
[SourceVersion "1"]
[SourceVersionDate "2016.02.25"]
[SourceQuality "1"]

1. e4 c5 2. Nf3 d6 3. d4 cxd4 4. Nxd4 Nf6 5. Nc3 g6 6. Be3 Bg7 7. f3 0-0 8. Qd2 Nc6 9. 0-0-0 Nxd4 10. Bxd4 Be6 11. Nd5 Bxd5 12. exd5 Qc7 13. h4 Rfc8 14. h5 Bh6 0-1

[Event "Antofagasta Zicosur op 2nd"]
[Site "Antofagasta"]
[Date "2016.01.06"]
[Round "3"]
[White "Christie Rodriguez, Ian"]
[Black "Celis, Kevin"]
[Result "1-0"]
[WhiteElo "1768"]
[BlackElo "2069"]
[PlyCount "107"]
[EventDate "2016.01.05"]
[EventType "swiss"]
[EventRounds "9"]
[EventCountry "CHI"]
[SourceTitle "CBM 170 Extra"]
[Source "ChessBase"]
[SourceDate "2016.02.25"]
[SourceVersion "1"]
[SourceVersionDate "2016.02.25"]
[SourceQuality "1"]

1. e4 e6 2. d4 d5 3. e5 c5 4. c3 Nc6 5. Nf3 Nge7 6. Bd3 Nf5 7. Bxf5 exf5 8. 0-0 cxd4 9. cxd4 Be7 10. Nc3 Be6 11. Re1 0-0 12. a3 g5 13. Kh1 Kh8 14. b4 Rc8 15. Na4 b6 16. Ra2 f4 17. Ng1 Qd7 18. Ne2 Bf5 19. Nac3 f6 20. Rd2 Rcd8 21. Bb2 Kg8 22. Qb3 Be6 23. Red1 f3 24. Ng3 fxg2+ 25. Kxg2 Bh3+ 26. Kg1 Bg4 27. Re1 Qe6 28. Nd1 f5 29. f3 Bh3 30. Nf2 f4 31. Ngh1 Bf5 32. Nd3 Rf7 33. Nhf2 Bf8 34. Kh1 Qg6 35. Rg1 Kh8 36. Nxf4 Qh6 37. Ne2 g4 38. f4 Rg7 39. Qe3 Ne7 40. Ng3 Qg6 41. Qe2 h5 42. Rdd1 Rf7 43. Rc1 Bh6 44. Rc7 Bxf4 45. Bc1 Bxc1 46. Rgxc1 Be6 47. Qc2 Qg5 48. Kg2 Rdf8 49. Ngh1 Rf3 50. Rxa7 Nf5 51. Qc7 Ne3+ 52. Kg1 Bf7 53. e6 Bg6 54. Qg7# 1-0

[Event "South America-ch U14 11th"]
[Site "Montevideo"]
[Date "2014.09.14"]
[Round "9"]
[White "Sica, Mauro"]
[Black "Christie Rodriguez, Ian"]
[Result "1/2-1/2"]
[WhiteElo "1998"]
[BlackElo "1678"]
[PlyCount "78"]
[EventDate "2014.09.08"]
[EventType "swiss"]
[EventRounds "9"]
[EventCountry "URU"]
[SourceTitle "EXT 2016"]
[Source "ChessBase"]
[SourceDate "2015.10.08"]
[SourceVersion "1"]
[SourceVersionDate "2015.10.08"]
[SourceQuality "1"]

1. d4 Nf6 2. c4 c5 3. d5 b5 4. cxb5 a6 5. bxa6 g6 6. Nc3 Bxa6 7. g3 d6 8. Bg2 Bg7 9. Nf3 Nfd7 10. 0-0 Nb6 11. Qc2 0-0 12. Rd1 Nc4 13. Nd2 Qa5 14. Nxc4 Bxc4 15. Bd2 Qa6 16. Re1 Qb7 17. b3 Bxc3 18. Qxc3 Bxd5 19. Bxd5 Qxd5 20. Bh6 e5 21. Bxf8 Kxf8 22. Red1 Qe6 23. Qd3 Ke7 24. Qb5 Nd7 25. Qd3 e4 26. Qd5 Ra3 27. Qxe6+ fxe6 28. f3 Nf6 29. Rdc1 Kd7 30. Rc4 exf3 31. exf3 Ra7 32. a4 Nd5 33. Kf2 Kc6 34. Ra2 Nb6 35. Rc1 Nd5 36. Re2 e5 37. Rf1 Rb7 38. Rb1 Nf6 39. Ree1 Nd5 1/2-1/2

[Event "Pan American-ch U14 24th"]
[Site "Pocos de Caldas"]
[Date "2013.07.29"]
[Round "6.15"]
[White "Christie Rodriguez, Ian"]
[Black "Weise, William Ferreira"]
[Result "1/2-1/2"]
[WhiteElo "1609"]
[BlackElo "1533"]
[PlyCount "99"]
[EventDate "2013.07.25"]
[EventType "swiss"]
[EventRounds "9"]
[EventCountry "BRA"]
[SourceTitle "EXT 2016"]
[Source "ChessBase"]
[SourceDate "2015.10.08"]
[SourceVersion "1"]
[SourceVersionDate "2015.10.08"]
[SourceQuality "1"]

1. e4 e6 2. d3 d5 3. Nd2 Nf6 4. Ngf3 c5 5. g3 Nc6 6. Bg2 dxe4 7. dxe4 e5 8. 0-0 Be6 9. c3 Qc7 10. Qe2 Bd6 11. Nc4 0-0 12. Nxd6 Qxd6 13. Bg5 Bg4 14. h3 Bxf3 15. Qxf3 Rad8 16. Rfd1 Qe6 17. Bxf6 Qxf6 18. Qxf6 gxf6 19. Rd5 b6 20. Rad1 Rxd5 21. exd5 Rd8 22. Kh2 Nb8 23. Be4 Rd6 24. c4 h6 25. Rd3 Kf8 26. a3 a5 27. g4 Ke7 28. Kg3 Rd8 29. Bf5 Kd6 30. Rb3 Kc7 31. Kf3 Re8 32. Ke4 Re7 33. Rd3 Kd6 34. h4 Nd7 35. Rd1 Nf8 36. h5 Re8 37. Rb1 a4 38. b3 axb3 39. Rxb3 Rb8 40. f3 Kc7 41. Kd3 Rd8 42. Ke3 Rd6 43. a4 Rd8 44. Ra3 Ra8 45. Be4 Kd6 46. Bf5 Ra5 47. Ke4 Ra8 48. Ra2 Kc7 49. Ke3 Ra5 50. Ke4 1/2-1/2